000 00457nam a2200181Ia 4500
001 21409
005 20260306172917.0
008 260306t2017||||xx |||||||||||||| ||spa||
041 _aESP
082 _a344.83
_bR31
100 _aReátegui Sánchez, James
_eAUT
245 0 _aEl delito de lavado de activos y el crimen organizado
260 _c2017
300 _a702 páginas :
_c23 cm.
650 _aGEN
654 _aCDE
942 _cLIB
_dJUS
_fJUS
_2ddc
_n
999 _c21409
_d21409